[Event "POL-chT2"]
[Site "Poronin"]
[Date "2013.09.08"]
[Round "2.83"]
[White "Panek, Adrian"]
[Black "Tustanowski, Mateusz"]
[Result "0-1"]
[WhiteElo "1674"]
[BlackElo "1628"]
[PlyCount "74"]
[EventDate "2013.09.06"]
[EventType "team-swiss"]
[EventRounds "9"]
[EventCountry "POL"]
[SourceTitle "EXT 2015"]
[Source "ChessBase"]
[SourceDate "2014.11.20"]
[SourceVersion "1"]
[SourceVersionDate "2014.11.20"]
[SourceQuality "1"]
[WhiteTeam "Strzelce Opolskie Strzelec"]
[BlackTeam "Prudnik LKS Zarzewie"]
[WhiteTeamCountry "POL"]
[BlackTeamCountry "POL"]

1. d4 d5 2. Bf4 Nf6 3. Nc3 Bf5 4. h3 e6 5. Nb5 Na6 6. a3 c5 7. e3 c4 8. Nf3 Qa5+ 9. Nc3 b5 10. Nd2 Be7 11. Be2 0-0 12. 0-0 Rac8 13. Nf3 Ne4 14. Nxe4 Bxe4 15. c3 f6 16. Bh2 Nb8 17. Nd2 Bg6 18. Bf3 Bd3 19. Re1 f5 20. Be2 Bxe2 21. Qxe2 Nd7 22. f3 Rce8 23. e4 f4 24. exd5 Bh4 25. Reb1 exd5 26. Qf1 g5 27. b4 Qa4 28. Qd1 Re1+ 29. Qxe1 Bxe1 30. Rxe1 Qc2 31. Nf1 Qxc3 32. Red1 Re8 33. Ra2 Qb3 34. Rda1 c3 35. Rf2 c2 36. Rc1 Rc8 37. g3 Qb2 0-1